00331nam a2200085Ia 4500008004100000245006700041260000900108300010100117650002700218180130s9999 xx 000 0 und d cCarney, Michael; Andriesse, EdoaMalaysia: personal capitalism c2014 aBook title: The Oxford handbook of Asian business systems--Acession number C19643; pages 144-168 aBUSINESS SYSTEMS--ASIA